000 00741nam a22001937a 4500
005 20251108173144.0
008 250721s2004 xx 000 0 ara d
020 _a9772773740
082 1 4 _a616.6/حسي
100 1 _aالحسيني، أيمن
_eمؤلف
245 1 0 _aمتاعب البروستاتا بين الشباب و الأزواج ( الأعشاب و الأغذية المداوية للبروستاتا و متاعبها الزوجية) /
264 1 _aالقاهرة :
_bدار الطلائع للنشر و التوزيع،
_c2004.
300 _a128ص.
650 1 7 _aالأمراض
650 1 7 _aأمراض المسالك البولية
650 1 7 _aالتهاب البروستات
942 _2ddc
_cBK
999 _c97305
_d97305